|
|
|
|
| LEADER |
00000nam0a2200000 4500 |
| 001 |
334268 |
| 005 |
20231102004634.0 |
| 035 |
|
|
|a (RuTPU)RU\TPU\book\360307
|
| 090 |
|
|
|a 334268
|
| 100 |
|
|
|a 20170718d1964 k y0gery50 ba
|
| 101 |
0 |
|
|a ger
|
| 102 |
|
|
|a DE
|
| 105 |
|
|
|a a z 001zy
|
| 200 |
1 |
|
|a Programmierungstechnik für elektronische Analogrechner
|f A. Sydow
|
| 210 |
|
|
|a Berlin
|c Veb Verlag Technik
|d 1964
|
| 215 |
|
|
|a 284 s.
|c il.
|
| 320 |
|
|
|a Literatur: s. 274-280
|
| 320 |
|
|
|a Sachwortverzeichnis: s. 281-284
|
| 606 |
1 |
|
|a Аналоговые вычислительные машины
|x Программирование
|2 stltpush
|3 (RuTPU)RU\TPU\subj\29019
|9 52436
|
| 610 |
1 |
|
|a ЭВМ
|
| 610 |
1 |
|
|a аналоговые вычислительные устройства
|
| 610 |
1 |
|
|a вычислительная техника
|
| 610 |
1 |
|
|a технология
|
| 610 |
1 |
|
|a методы
|
| 610 |
1 |
|
|a задачи
|
| 610 |
1 |
|
|a системы управления
|
| 610 |
1 |
|
|a программы
|
| 610 |
1 |
|
|a вычислительные операции
|
| 610 |
1 |
|
|a линейная оптимизация
|
| 610 |
1 |
|
|a вычислительные элементы
|
| 610 |
1 |
|
|a операционные усилители
|
| 610 |
1 |
|
|a средства
|
| 610 |
1 |
|
|a схемы
|
| 610 |
1 |
|
|a программный контроль
|
| 610 |
1 |
|
|a управление
|
| 610 |
1 |
|
|a мертвое время
|
| 610 |
1 |
|
|a моделирование
|
| 610 |
1 |
|
|a контур
|
| 610 |
1 |
|
|a бумажное производство
|
| 610 |
1 |
|
|a вычислительные сети
|
| 610 |
1 |
|
|a реакторы
|
| 610 |
1 |
|
|a цепные реакции
|
| 610 |
1 |
|
|a электровозы
|
| 610 |
1 |
|
|a автомобили
|
| 610 |
1 |
|
|a анализ
|
| 610 |
1 |
|
|a программирующие устройства
|
| 610 |
1 |
|
|a немецкий язык
|
| 675 |
|
|
|a 681.332
|v 4
|
| 700 |
|
1 |
|a Sydow
|b A.
|
| 801 |
|
1 |
|a RU
|b 63413507
|c 20170718
|
| 801 |
|
2 |
|a RU
|b 63413507
|c 20201130
|g RCR
|
| 942 |
|
|
|c BK
|